লোডিং...

Status and challenges of elementary teacher education in Kerala with reference to quality and expansion

গ্রন্থ-পঞ্জীর বিবরন
প্রধান লেখক: Leema K M
বিন্যাস: Electronic Thesis
ভাষা:English
বিষয়গুলি:
অনলাইন ব্যবহার করুন:http://hdl.handle.net/10603/213842
LEADER 00621nam a2200181Ia 4500
001 215781
008 190202t ii ||||fom||| 00| 0 eng d
100 |a Leema K M 
245 |a Status and challenges of elementary teacher education in Kerala with reference to quality and expansion 
502 |a Thesis (Ph. D.) -- Department of Education, University of Calicut, 
546 |a English 
653 |a Education in Kerala 
653 |a Education in Kerala||Elementary education 
653 |a Elementary education 
796 |a Mohamed Saleem T 
856 |u http://hdl.handle.net/10603/213842 
952 |a ON  |c ETD  |y ETD 
999 |c etd215781